Η Ελλάδα στην Ευρωπαϊκή Ένωση : παρελθόν, παρόν, μέλλον
Αποθηκεύτηκε σε:
| Συγγραφή απο Οργανισμό/Αρχή: | |
|---|---|
| Άλλοι συγγραφείς: | |
| Μορφή: | Βιβλίο |
| Γλώσσα: | Greek |
| Δημοσίευση: |
Αθήνα :
Θεμέλιο,
2006.
|
| Σειρά: | Βιβλιοθήκη ευρωπαϊκών θεμάτων
|
| Θέματα: | |
| Ετικέτες: |
Προσθήκη ετικέτας
Δεν υπάρχουν, Καταχωρήστε ετικέτα πρώτοι!
|
MARC
| LEADER | 00000cam a2200000 i 4500 | ||
|---|---|---|---|
| 001 | 1/35926 | ||
| 008 | 130830s2008 gr | ||| |||| ||gre|| | ||
| 020 | |a 9789603103301 | ||
| 035 | |l 10115545 | ||
| 040 | |a GR-MyUa |b gre |e AACR2 | ||
| 041 | 0 | |a gre | |
| 082 | 7 | |a 341.2422 |2 (22) | |
| 245 | 0 | 2 | |a Η Ελλάδα στην Ευρωπαϊκή Ένωση : |b παρελθόν, παρόν, μέλλον / |c Ελληνική Πανεπιστημιακή Ένωση Ευρωπαϊκών Σπουδών ; Ναπολέων Μαραβέγιας, επιμέλεια. |
| 260 | |a Αθήνα : |b Θεμέλιο, |c 2006. | ||
| 300 | |a 423 σ. ; |c 21 εκ. | ||
| 490 | 1 | |a (Βιβλιοθήκη Ευρωπαϊκών θεμάτων) | |
| 610 | 2 | 0 | |a European Union |z Greece.. |
| 700 | 1 | |a Μαραβέγιας, Ναπολέων Ν., |d 1955- |e edt | |
| 710 | 2 | |a Ελληνική Πανεπιστημιακή Ένωση Ευρωπαϊκών Σπουδών. | |
| 830 | 0 | |a Βιβλιοθήκη ευρωπαϊκών θεμάτων | |
| 852 | |a INST |b LESVOS |e 20130830 |h 341.2422 ΕΛΛ |p 005100052872 |q 005100052872 |t BK |y 0 | ||
| 901 | |a BIBL1-2013-2 | ||
| 922 | |a 1ΕΛΗ |b 2013-05 |c Τμήμα Κοινωνιολογίας |d Ιωαννίδου | ||
| 970 | |a Τζαφέρη |b Ευαγγελία |z 12/09/2013 | ||